| Tag |
First Indicator |
Second Indicator |
Subfields |
| LEADER |
00000cem a2200000 a 4500 |
| 001 |
in00000831797 |
| 005 |
20151018124151.0 |
| 007 |
aj canzn |
| 008 |
820611s1982 dcub cc a f 0 eng d |
| 010 |
|
|
|a gp 82019655
|
| 034 |
1 |
|
|a a
|b 10000000
|
| 035 |
|
|
|a (OCoLC)08516227
|
| 035 |
|
|
|9 ADX7383AM
|
| 040 |
|
|
|a GPO
|c GPO
|d UtOrBLW
|
| 052 |
|
|
|a 7821
|
| 074 |
|
|
|a 856-A-1
|
| 086 |
0 |
|
|a PrEx 3.10/4:C 44/6
|
| 090 |
|
|
|a G7821.P3 1982
|b .U5
|
| 110 |
1 |
|
|a United States.
|b Central Intelligence Agency.
|
| 245 |
1 |
0 |
|a China railroads.
|
| 255 |
|
|
|a Scale 1:10,000,000 ;
|b Lambert conformal conic proj., standard parallels 23°N and 45°N.
|
| 264 |
|
1 |
|a [Washington, D.C.] :
|b [Central Intelligence Agency],
|c [1982]
|
| 300 |
|
|
|a 1 map :
|b color ;
|c 44 x 55 cm.
|
| 336 |
|
|
|a cartographic image
|b cri
|2 rdacontent
|
| 337 |
|
|
|a unmediated
|b n
|2 rdamedia
|
| 338 |
|
|
|a sheet
|b nb
|2 rdacarrier
|
| 500 |
|
|
|a Relief shown by shading.
|
| 500 |
|
|
|a "505130 (544061) 4-82."
|
| 500 |
|
|
|a Cartographic material.
|
| 650 |
|
0 |
|a Railroads
|z China
|v Maps.
|
| 651 |
|
0 |
|a China
|v Maps.
|
| 948 |
|
|
|a Cataloged
|b h
|c 2009/10/22
|d c
|e smckenzi
|
| 999 |
|
|
|a MARS
|
| 999 |
f |
f |
|s 084295fb-69c8-3740-a6a3-e9310168969e
|i f841f7fb-97e3-37b3-9674-bc459fa53205
|t 0
|
| 952 |
f |
f |
|p normal
|a Texas A&M University
|b College Station
|c Sterling C. Evans Library
|d Evans: Maps (2nd floor)
|t 0
|e G7821.P3 1982 .U5
|h Library of Congress classification
|i unmediated -- sheet
|m A14838879472
|
| 998 |
f |
f |
|a G7821.P3 1982 .U5
|t 0
|l Evans: Maps (2nd floor)
|